La cicuta e dopo : romanzo /
Guardat en:
| Autor principal: | |
|---|---|
| Altres autors: | |
| Format: | Llibre |
| Idioma: | italià |
| Publicat: |
Milano :
Garzanti,
1956
|
| Col·lecció: | Romanzi moderni
|
| Etiquetes: |
Sense etiquetes, Sigues el primer a etiquetar aquest registre!
|
MARC
| LEADER | 00000nam a22000007i 4500 | ||
|---|---|---|---|
| 001 | IT\ICCU\FER\0006040 | ||
| 003 | ItRI | ||
| 005 | 20250704144339.0 | ||
| 008 | 960302s1956 it |||||| ||||| |||||c | ||
| 040 | |b ita |c Arcigay Genova | ||
| 041 | 7 | |a ita |2 ISO-639-2 | |
| 082 | |a 823.9 |2 21 | ||
| 100 | 1 | |a Wilson, Angus |0 IT\ICCU\RAVV\039578 |4 aut | |
| 240 | 1 | 0 | |a Hemlock and after |9 Wilson, Angus |
| 245 | 1 | 3 | |a La cicuta e dopo : |b romanzo / |c Angus Wilson. |
| 260 | |a Milano : |b Garzanti, |c 1956 | ||
| 300 | |a 347 p. ; |c 20 cm | ||
| 500 | |a Traduzione di Eugenio Montale. | ||
| 700 | 1 | |a Montale, Eugenio |0 IT\ICCU\CFIV\009383 | |
| 830 | 0 | |a Romanzi moderni |0 IT\ICCU\RAV\0086713 | |
| 942 | |2 ddc |c BK | ||
| 952 | |0 0 |1 0 |2 ddc |4 0 |6 B_LNR02WILANCIC12 |7 0 |9 4503 |a MI |b MI |d 1987-12-14 |i 707 |l 0 |o B-LNR02-WILAN-CIC12 |p CDOM707 |r 2025-07-03 11:38:17 |w 2025-07-03 |x ACQUISTO (MANCANTE?) |y BK | ||
| 952 | |0 0 |1 0 |2 ddc |4 0 |6 B_LNR02WILANCIC13 |7 1 |9 4504 |a MI |b MI |d 1987-12-14 |i 718 |l 0 |o B-LNR02-WILAN-CIC13 |p CDOM718 |r 2025-07-03 11:38:17 |w 2025-07-03 |x ACQUISTO (MANCANTE?) |y BK | ||
| 952 | |0 0 |1 0 |2 ddc |4 0 |6 B_LNR02WILANCIC11 |7 0 |9 4505 |a MI |b MI |d 1987-05-31 |i 141 |l 0 |o B-LNR02-WILAN-CIC11 |p CDOM141 |r 2025-07-03 11:38:17 |w 2025-07-03 |x ACQUISTO |y BK | ||
| 981 | 1 | |6 z01 |a i |b xxxe | |
| 982 | 1 | |6 z01 |a n | |
| 999 | |c 3540 |d 3540 | ||